<?xml version="1.0" encoding="UTF-8"?>
<record
    xmlns:xsi="http://www.w3.org/2001/XMLSchema-instance"
    xsi:schemaLocation="http://www.loc.gov/MARC21/slim http://www.loc.gov/standards/marcxml/schema/MARC21slim.xsd"
    xmlns="http://www.loc.gov/MARC21/slim">

  <leader>02771nam a2200301   4500</leader>
  <controlfield tag="001">461</controlfield>
  <controlfield tag="003">OSt</controlfield>
  <controlfield tag="005">20250829145824.0</controlfield>
  <controlfield tag="008">250829b        |||||||g |||| 00| 1 eng d</controlfield>
  <datafield tag="020" ind1=" " ind2=" ">
    <subfield code="a">8526233505</subfield>
  </datafield>
  <datafield tag="040" ind1=" " ind2=" ">
    <subfield code="b">por</subfield>
  </datafield>
  <datafield tag="041" ind1=" " ind2=" ">
    <subfield code="a">por</subfield>
  </datafield>
  <datafield tag="082" ind1=" " ind2=" ">
    <subfield code="a">028.5</subfield>
    <subfield code="b">A554m</subfield>
  </datafield>
  <datafield tag="100" ind1=" " ind2=" ">
    <subfield code="a">Andrade, Telma Guimar&#xE3;es Castro</subfield>
    <subfield code="9">994</subfield>
  </datafield>
  <datafield tag="245" ind1=" " ind2=" ">
    <subfield code="a">Momento de decis&#xE3;o</subfield>
    <subfield code="c">Andrade, Telma Guimar&#xE3;es Castro ; Ilustra&#xE7;&#xF5;es de Cec&#xED;lia Iwashita</subfield>
  </datafield>
  <datafield tag="260" ind1=" " ind2=" ">
    <subfield code="a">S&#xE3;o Paulo</subfield>
    <subfield code="b">Atual</subfield>
    <subfield code="c">1997</subfield>
  </datafield>
  <datafield tag="300" ind1=" " ind2=" ">
    <subfield code="a">120 p.</subfield>
    <subfield code="b">il.</subfield>
  </datafield>
  <datafield tag="520" ind1=" " ind2=" ">
    <subfield code="a">O livro come&#xE7;a na escola Professor Cristiano Bertoni, de onde os alunos da 7&#xAA;B partem para uma excurs&#xE3;o para uma &#xE1;rea de vegeta&#xE7;&#xE3;o de mangue, e depois para uma praia. Na trilha, cinco alunos se perdem, e acabam encontrando um avi&#xE3;o acidentado com uma mala de dinheiro dentro. Como todos necessitam desse dinheiro, eles concordam, alguns relutantemente, em dividi-lo. Por&#xE9;m, no dia seguinte, quando voltam ao local, o dinheiro sumiu. O foco ent&#xE3;o se divide entre as casas desses cinco alunos, e o grande mist&#xE9;rio fica por conta de quem roubou o dinheiro. &#xC9; nessa parte da hist&#xF3;ria que entra o "Momento de Decis&#xE3;o" do t&#xED;tulo, quando os autores deixam a decis&#xE3;o para o leitor.


Infantojuvenil


ver menos
Edi&#xE7;&#xF5;es (2)ver mais
Momento de decis&#xE3;o
Momento de decis&#xE3;o
Similares (1)ver mais
Nosso Filme 
Resenhas para Momento de decis&#xE3;o (3)ver mais

Interessante, mas sem final
Laura2em 2/1/15

Achei a hist&#xF3;ria muito interessante, e adoraria saber o fim dos pr&#xF3;prios autores. N&#xE3;o gosto de livros que o leitor precisa escrever/decidir o fim.... leia mais
Estat&#xED;sticas
Desejam1

Trocam10

Avalia&#xE7;&#xF5;es2.8 / 76
5ranking 77%4ranking 2222%3ranking 3434%2ranking 2424%1ranking 1313%
16%

84%
estagio e
Foto -Telma Guimar&#xE3;es Castro Andrade
Telma Guimar&#xE3;es Castro Andrade

&#xC9; formada em "Letras Vern&#xE1;culas e Ingl&#xEA;s" pela UNESP. Professora Efetiva de Ingl&#xEA;s, aprovada em Concurso P&#xFA;blico Oficial do Estado de S&#xE3;o Paulo em 1979, lecionou na rede estadual de ensino em Campinas, S&#xE3;o Paulo at&#xE9; 1995, quando decidiu dedicar-se somente a literat...
Foto -Celso Antunes
Celso Antunes

Formado em geografia pela Universidade de S&#xE3;o Paulo (USP), mestre em ci&#xEA;ncias humanas e especialista em intelig&#xEA;ncia e cogni&#xE7;&#xE3;o. Membro consultor da Associa&#xE7;&#xE3;o Internacional pelos Direitos da Crian&#xE7;a Brincar, reconhecido pela UNESCO. &#xC9; autor de cento e oitenta livr...


Osmar
cadastrou em:
01/10/2010 15:11:41
</subfield>
  </datafield>
  <datafield tag="650" ind1=" " ind2="0">
    <subfield code="a">Literatura Brasileira</subfield>
    <subfield code="9">205</subfield>
  </datafield>
  <datafield tag="650" ind1=" " ind2="0">
    <subfield code="a">Romance juvenil</subfield>
    <subfield code="9">981</subfield>
  </datafield>
  <datafield tag="650" ind1=" " ind2="0">
    <subfield code="a">Infantojuvenil</subfield>
    <subfield code="9">200</subfield>
  </datafield>
  <datafield tag="650" ind1=" " ind2="0">
    <subfield code="a">Aventura</subfield>
    <subfield code="9">47</subfield>
  </datafield>
  <datafield tag="655" ind1=" " ind2="0">
    <subfield code="a">Romance</subfield>
    <subfield code="9">23</subfield>
  </datafield>
  <datafield tag="655" ind1=" " ind2="0">
    <subfield code="a">Fic&#xE7;&#xE3;o </subfield>
    <subfield code="9">22</subfield>
  </datafield>
  <datafield tag="700" ind1=" " ind2=" ">
    <subfield code="a">Cec&#xED;lia Iwashita</subfield>
    <subfield code="e">Ilustrador</subfield>
  </datafield>
  <datafield tag="830" ind1=" " ind2=" ">
    <subfield code="a">Di&#xE1;logo</subfield>
    <subfield code="9">997</subfield>
  </datafield>
  <datafield tag="942" ind1=" " ind2=" ">
    <subfield code="2">ddc</subfield>
    <subfield code="n">0</subfield>
    <subfield code="c">BK</subfield>
  </datafield>
  <datafield tag="952" ind1=" " ind2=" ">
    <subfield code="0">0</subfield>
    <subfield code="1">0</subfield>
    <subfield code="2">ddc</subfield>
    <subfield code="4">0</subfield>
    <subfield code="7">0</subfield>
    <subfield code="8">FIC</subfield>
    <subfield code="a">BIBIB</subfield>
    <subfield code="b">BIBIB</subfield>
    <subfield code="c">IJ</subfield>
    <subfield code="d">2025-08-29</subfield>
    <subfield code="e">doa&#xE7;&#xE3;o</subfield>
    <subfield code="l">0</subfield>
    <subfield code="o">028.5 / A554m</subfield>
    <subfield code="p">2025-17393</subfield>
    <subfield code="r">2025-08-29 14:46:22</subfield>
    <subfield code="w">2025-08-29</subfield>
    <subfield code="y">BK</subfield>
  </datafield>
  <datafield tag="999" ind1=" " ind2=" ">
    <subfield code="c">461</subfield>
    <subfield code="d">461</subfield>
  </datafield>
</record>
